Eastern Utah Libraries Catalog: Duchesne, Heber, Roosevelt, & Vernal

Lawbreaker : (Record no. 404228)

MARC details
000 -LEADER
fixed length control field 02364nam a2200469 i 4500
001 - CONTROL NUMBER
control field 3474682
005 - DATE AND TIME OF LATEST TRANSACTION
control field 20250210133458.0
008 - FIXED-LENGTH DATA ELEMENTS--GENERAL INFORMATION
fixed length control field 250127s2025 meu d 000 1 eng d
010 ## - LIBRARY OF CONGRESS CONTROL NUMBER
LC control number 2024946332
020 ## - INTERNATIONAL STANDARD BOOK NUMBER
International Standard Book Number 9798891644014 (large print) :
Terms of availability $41.95
020 ## - INTERNATIONAL STANDARD BOOK NUMBER
Cancelled/invalid ISBN 9781335513113
020 ## - INTERNATIONAL STANDARD BOOK NUMBER
Cancelled/invalid ISBN 1335513116
035 ## - SYSTEM CONTROL NUMBER
System control number (OCoLC)1481943260
035 ## - SYSTEM CONTROL NUMBER
System control number (OCoLC)on1481943260
040 ## - CATALOGING SOURCE
Original cataloging agency PABRO
Language of cataloging eng
Description conventions rda
Transcribing agency PABRO
050 #4 - LIBRARY OF CONGRESS CALL NUMBER
Classification number PS3566.A513
Item number L39 2025
082 04 - DEWEY DECIMAL CLASSIFICATION NUMBER
Classification number 813/.54
Edition number 23
092 ## - LOCALLY ASSIGNED DEWEY CALL NUMBER (OCLC)
Classification number large print fiction
Item number Palmer, Diana
999 ## - SYSTEM CONTROL NUMBERS (KOHA)
Koha Dewey Subclass [OBSOLETE] F
100 1# - MAIN ENTRY--PERSONAL NAME
Personal name Palmer, Diana,
Relator term author.
9 (RLIN) 59962
245 10 - TITLE STATEMENT
Title Lawbreaker :
Statement of responsibility, etc Diana Palmer.
Remainder of title A long, tall, Texans novel
250 ## - EDITION STATEMENT
Edition statement Large pirnt edition.
264 #1 - Production, Publication, Distribution, Manufacture, and Copyright Notice.
Place of production, publication, distribution, manufacture Thorndike, Maine :
Name of producer, publisher, distributor, manufacturer Center Point Large Print,
Date of production, publication, distribution, manufacture, or copyr 2025.
300 ## - PHYSICAL DESCRIPTION
Extent 375 pages (large print) ;
Dimensions 23 cm.
336 ## - Content Type
Content type term text
337 ## - Media type
Media type term unmediated
338 ## - Carrier type
Carrier type term volume
490 1# - SERIES STATEMENT
Series statement A Long, tall Texans novel
520 ## - SUMMARY, ETC.
Summary, etc Tony Garza has been Odalie Everett’s nemesis since the day they met. Once a New Jersey crime boss, Tony now owns an art gallery in New York, where he spends most of his time delegating his shadier business to subordinates. Odalie is a professional singer whose lifelong dream is to perform at the Met. She never expected to run into the heartbreaker from her past when she rents a small house near Tony’s Manhattan apartment while taking voice lessons. But when they reconnect, they can’t help but give in to unforgettable passion.
650 #0 - SUBJECT ADDED ENTRY--TOPICAL TERM
Topical term or geographic name as entry element Singers
Form subdivision Fiction.
9 (RLIN) 5729692
650 #0 - SUBJECT ADDED ENTRY--TOPICAL TERM
Topical term or geographic name as entry element Man-woman relationships
Form subdivision Fiction.
9 (RLIN) 5674079
650 #0 - SUBJECT ADDED ENTRY--TOPICAL TERM
Topical term or geographic name as entry element Fugitives from justice
Form subdivision Fiction.
9 (RLIN) 5675920
650 #7 - SUBJECT ADDED ENTRY--TOPICAL TERM
Topical term or geographic name as entry element FICTION / Romance.
Source of heading or term bisacsh
9 (RLIN) 5730982
655 #7 - INDEX TERM--GENRE/FORM
Genre/form data or focus term Romance fiction.
Source of term lcgft
655 #7 - INDEX TERM--GENRE/FORM
Genre/form data or focus term Large print books.
Source of term lcgft
9 (RLIN) 5777956
800 1# - SERIES ADDED ENTRY--PERSONAL NAME
Personal name Palmer, Diana.
Title of a work Long, tall Texans series.
9 (RLIN) 75415
942 ## - ADDED ENTRY ELEMENTS (KOHA)
Source of classification or shelving scheme Dewey Decimal Classification
Koha item type BOOK
948 ## - LOCAL PROCESSING INFORMATION (OCLC); SERIES PART DESIGNATOR (RLIN)
Series part designator, SPT (RLIN) BAP
b (OCLC) ADULT
p (OCLC) X135029775
h (OCLC) F
f (OCLC) 1
r (OCLC) 2
g (OCLC) 1
7 (OCLC) 0
u (OCLC) 3
w (OCLC) 11
s (OCLC) 0
o (OCLC) BAP
0 (OCLC) $41.95
y (OCLC) 99
c (OCLC) 41
j (OCLC) Dewey Decimal
n (OCLC) On-Order
e (OCLC) 2252122-1
9 (OCLC) Item generated Feb 5 2025 3:59PM
948 ## - LOCAL PROCESSING INFORMATION (OCLC); SERIES PART DESIGNATOR (RLIN)
Series part designator, SPT (RLIN) BAR
b (OCLC) ADULT
p (OCLC) X135030369
h (OCLC) F
f (OCLC) 1
r (OCLC) 2
g (OCLC) 1
7 (OCLC) 0
u (OCLC) 3
w (OCLC) 11
s (OCLC) 0
o (OCLC) BAR
0 (OCLC) $41.95
y (OCLC) 99
c (OCLC) 41
j (OCLC) Dewey Decimal
n (OCLC) On-Order
e (OCLC) 2252122-2
9 (OCLC) Item generated Feb 5 2025 3:59PM
Holdings
Withdrawn status Lost status Source of classification or shelving scheme Damaged status Not for loan Collection code Home library Current library Shelving location Date acquired Source of acquisition Total Checkouts Total Renewals Full call number Barcode Date last seen Date checked out Cost, replacement price Price effective from Koha item type
    Dewey Decimal Classification     Large Print Wasatch County Library Wasatch County Library First Floor 02/10/2025 Amazon 6 2 F Palmer 34301002110197 08/20/2025 05/06/2025 41.95 02/10/2025 BOOK
This project was made possible through a grant from the Institute of Museum and Library Service administered by the Utah State Library Division.

Wasatch County Library

  • 465 East 1200 South, Heber City, Utah 84032
  • Phone 435-654-1511 | Fax 435-654-6456

Hours

  • Monday - Friday 9:30 AM - 8:00 PM
  • Saturday 9:30 AM - 1:30 PM
  • Closed Sundays and Holidays